|
|
|
|
| LEADER |
00000nta a2200000 i 4500 |
| 001 |
dolg45433 |
| 005 |
20230714090222.0 |
| 008 |
230714suuuu hu om 000 eng d |
| 040 |
|
|
|a BGE Dolgozattár Repozitórium
|b hun
|
| 041 |
|
|
|a en
|
| 100 |
1 |
|
|a Sztrojiny Robert
|
| 245 |
1 |
0 |
|a Social media marketing
|b The relation of customer engagement and word-of-mouth on Facebook
|c Sztrojiny Robert
|h [elektronikus dokumentum]
|
| 695 |
|
|
|a Közösségi marketing
|
| 695 |
|
|
|a Primer kutatás
|
| 695 |
|
|
|a Facebook
|
| 700 |
1 |
|
|a Nincs adat Nincs adat
|e ths
|
| 856 |
4 |
0 |
|u http://dolgozattar.uni-bge.hu/45433/1/D_15421.pdf
|z Dokumentum-elérés
|